[Event "III Festival Magistrale"]
[Site "Montecatini Terme ITA"]
[Date "1994.07.??"]
[Round "?"]
[White "Battaggia, Piergiorgio"]
[Black "Ferretti, Folco"]
[Result "1/2-1/2"]
[WhiteElo "2003"]
[BlackElo "2285"]
[PlyCount "48"]
[EventDate "1994.07.30"]

1. d4 d5 2. Nf3 Nf6 3. c4 c6 4. cxd5 cxd5 5. Nc3 Nc6 6. Bf4 a6 7. e3 Bg4 8. Be2
e6 9. O-O Bd6 10. Bxd6 Qxd6 11. Qb3 O-O 12. Rfc1 b5 13. Qd1 Rfc8 14. Ne1 Bf5
15. Bd3 Bg6 16. Bxg6 hxg6 17. h3 g5 18. Qf3 b4 19. Ne2 Ne4 20. Nd3 Ne7 21. Ng3
f5 22. Ne5 Nf6 23. Nh5 Ne4 24. Ng3 Nf6 1/2-1/2

[Event "III Festival Magistrale"]
[Site "Montecatini Terme ITA"]
[Date "1994.07.??"]
[Round "?"]
[White "Battaggia, Piergiorgio"]
[Black "Mola, Pietro"]
[Result "1/2-1/2"]
[WhiteElo "2003"]
[BlackElo "2175"]
[PlyCount "74"]
[EventDate "1994.07.30"]

1. d4 Nf6 2. c4 g6 3. Nc3 Bg7 4. e4 d6 5. Be2 O-O 6. Nf3 e5 7. O-O Nc6 8. d5
Ne7 9. Ne1 Ne8 10. Nd3 f5 11. Bd2 Nf6 12. f3 f4 13. c5 h5 14. Rc1 Rf7 15. cxd6
cxd6 16. Nb5 Ne8 17. Qc2 Bd7 18. a4 g5 19. h3 Ng6 20. Nf2 Bf8 21. Qb3 Rg7 22.
Rc2 a6 23. Na3 Nf6 24. Rfc1 g4 25. fxg4 hxg4 26. hxg4 Nh4 27. Rc7 Rb8 28. a5
Ne8 29. R7c2 Qg5 30. Be1 Be7 31. Nc4 Nxg2 32. Kxg2 Nf6 33. Nxe5 Qxe5 34. Bc3
Qg5 35. Bxf6 Bxf6 36. Rh1 f3+ 37. Qxf3 Rf8 1/2-1/2

[Event "III Festival Magistrale"]
[Site "Montecatini Terme ITA"]
[Date "1994.07.??"]
[Round "?"]
[White "Beggi, Pierluigi"]
[Black "Bini, Lorenzo"]
[Result "0-1"]
[WhiteElo "2220"]
[BlackElo "1995"]
[PlyCount "50"]
[EventDate "1994.07.30"]

1. d4 b6 2. Nf3 Bb7 3. g3 g6 4. Bg2 Bg7 5. c4 e6 6. Bg5 Ne7 7. Nc3 h6 8. Bf4 d6
9. O-O g5 10. Bc1 Ng6 11. Qd3 Nd7 12. Nxg5 hxg5 13. Bxb7 Rb8 14. Bc6 f5 15. Qe3
Kf7 16. d5 Nde5 17. dxe6+ Kxe6 18. Bd5+ Kd7 19. Qxg5 Qf8 20. Qe3 Re8 21. Bg2
Rxh2 22. f4 Ng4 23. Qf3 Qh8 24. Qc6+ Kd8 25. Nb5 Rh1+ 0-1

[Event "III Festival Magistrale"]
[Site "Montecatini Terme ITA"]
[Date "1994.07.??"]
[Round "?"]
[White "Beggi, Pierluigi"]
[Black "Bocchicchio, Gaetano"]
[Result "1-0"]
[WhiteElo "2220"]
[BlackElo "1999"]
[PlyCount "81"]
[EventDate "1994.07.30"]

1. d4 c6 2. c4 d5 3. Nc3 g6 4. Nf3 Bg7 5. e3 Nf6 6. Bd3 O-O 7. O-O Bg4 8. b3
Nbd7 9. cxd5 Nxd5 10. Nxd5 cxd5 11. Bb2 Rc8 12. h3 Bxf3 13. Qxf3 Qa5 14. Qe2
Rc7 15. f4 f5 16. g4 e6 17. g5 Rfc8 18. Rfc1 Bf8 19. Rxc7 Rxc7 20. Rc1 Bd6 21.
Rxc7 Qxc7 22. h4 Qa5 23. Bb1 Nb8 24. Kf1 Nc6 25. h5 Ne7 26. h6 Kf7 27. Qc2 Bb4
28. a4 Nc6 29. Bc1 Ke7 30. Ke2 Kd7 31. Bd2 Kc7 32. Qd3 Bxd2 33. Qxd2 Qxd2+ 34.
Kxd2 Kb6 35. Bd3 Ka5 36. Kc3 a6 37. Be2 Nb4 38. Bh5 Nc6 39. Bxg6 Nd8 40. Bxh7
Nf7 41. Bg8 1-0

[Event "III Festival Magistrale"]
[Site "Montecatini Terme ITA"]
[Date "1994.07.??"]
[Round "?"]
[White "Beggi, Pierluigi"]
[Black "Bracaglia, Carlo"]
[Result "1/2-1/2"]
[WhiteElo "2220"]
[BlackElo "2091"]
[PlyCount "48"]
[EventDate "1994.07.30"]

1. d4 Nf6 2. Nf3 c5 3. e3 g6 4. Be2 Bg7 5. O-O b6 6. c4 O-O 7. Nc3 Bb7 8. a3 d6
9. Qc2 Nbd7 10. d5 a6 11. e4 Ne8 12. Rb1 Nc7 13. Be3 Rb8 14. Ne1 Bc8 15. Nd3 b5
16. b3 Ne5 17. Nxe5 Bxe5 18. b4 cxb4 19. Rxb4 a5 20. Rbb1 b4 21. Nb5 Na6 22.
Bd2 Bd7 23. Bxb4 Nxb4 24. Rxb4 f5 1/2-1/2

[Event "III Festival Magistrale"]
[Site "Montecatini Terme ITA"]
[Date "1994.07.??"]
[Round "?"]
[White "Beggi, Pierluigi"]
[Black "Zelcic, Robert"]
[Result "0-1"]
[WhiteElo "2220"]
[BlackElo "2485"]
[PlyCount "78"]
[EventDate "1994.07.30"]

1. d4 Nf6 2. c4 c5 3. dxc5 e6 4. Nf3 Bxc5 5. e3 O-O 6. Be2 Nc6 7. O-O d5 8. Nc3
a6 9. cxd5 exd5 10. b3 d4 11. exd4 Nxd4 12. Bb2 Bf5 13. Nxd4 Bxd4 14. Qc1 Qb8
15. Qg5 Qe5 16. Rae1 h6 17. Qg3 Rac8 18. Qxe5 Bxe5 19. Nd5 Nxd5 20. Bxe5 Rfe8
21. Bf3 Bd3 22. Bxd5 Bxf1 23. Bxb7 Rc5 24. Kxf1 Rexe5 25. Rxe5 Rxe5 26. Bxa6
Ra5 27. Bc4 Rxa2 28. g3 Kf8 29. Kg2 Ke7 30. Kf3 f6 31. Ke3 Kd6 32. h3 Rc2 33.
Bf7 Ke5 34. f4+ Kd6 35. Kf3 Rc3+ 36. Kg4 Ke7 37. Bc4 g6 38. Bd5 f5+ 39. Kh4 Kf6
0-1

[Event "III Festival Magistrale"]
[Site "Montecatini Terme ITA"]
[Date "1994.07.??"]
[Round "?"]
[White "Belotti, Bruno"]
[Black "Dizdarevic, Emir"]
[Result "0-1"]
[WhiteElo "2455"]
[BlackElo "2495"]
[PlyCount "146"]
[EventDate "1994.07.30"]

1. e4 c5 2. Nf3 e6 3. d3 b6 4. g3 Bb7 5. Bg2 Nf6 6. O-O Be7 7. Re1 O-O 8. Nbd2
Nc6 9. c3 d6 10. a3 Ne5 11. Nxe5 dxe5 12. Nc4 Nd7 13. b4 Bc6 14. Qb3 a6 15. Be3
Rb8 16. f4 Bb5 17. Nb2 exf4 18. Bxf4 e5 19. Be3 Bc6 20. Nc4 b5 21. Na5 Ba8 22.
Rad1 Qc7 23. Rf1 Nf6 24. Kh1 Rbd8 25. c4 Rb8 26. Bd2 Rfd8 27. cxb5 cxb4 28.
axb4 Rxb5 29. Nc4 Bc6 30. Ra1 Qb7 31. Na3 Bxb4 32. Bg5 Bxa3 33. Qxa3 Rb3 34.
Qc5 Nd7 35. Qe7 Rf8 36. Qd6 Bb5 37. Rfd1 Qc6 38. Qe7 h6 39. Bc1 Qe6 40. Qxe6
fxe6 41. Bh3 Rf6 42. Ra3 Nc5 43. Rxb3 Nxb3 44. Bb2 Nd4 45. Kg2 Kf8 46. Ba3+ Ke8
47. Bd6 Nc6 48. d4 exd4 49. e5 Rg6 50. Rd2 Kd7 51. Rf2 Nd8 52. Rf4 d3 53. Kf2
Rg5 54. Bg4 d2 55. Bd1 Rf5 56. Ke3 Nf7 57. Bf8 Rxe5+ 58. Kxd2 Rd5+ 59. Kc2 Nd6
60. Bxg7 Nf5 61. Bf3 Rc5+ 62. Bc3 Bc6 63. Be2 Ne3+ 64. Kd2 Rxc3 65. Kxc3 Nd5+
66. Kd4 Nxf4 67. gxf4 a5 68. Ke5 a4 69. Bc4 a3 70. Bxe6+ Ke7 71. Ba2 Bd7 72. h4
Be8 73. Kf5 Bh5 0-1

[Event "III Festival Magistrale"]
[Site "Montecatini Terme ITA"]
[Date "1994.07.??"]
[Round "?"]
[White "Belotti, Bruno"]
[Black "Pieri, Filippo"]
[Result "1-0"]
[WhiteElo "2455"]
[BlackElo "2220"]
[PlyCount "67"]
[EventDate "1994.07.30"]

1. Nf3 c5 2. g3 Nc6 3. Bg2 Nf6 4. O-O g6 5. d3 Bg7 6. e4 O-O 7. Nbd2 d6 8. a4
e5 9. Nc4 Be6 10. Ng5 Bg4 11. f3 Bc8 12. f4 exf4 13. Bxf4 Ng4 14. Nxd6 Nce5 15.
Nxc8 Rxc8 16. Kh1 h5 17. h3 Nh6 18. Qd2 Qe7 19. Nf3 Nxf3 20. Bxf3 Kh7 21. g4
Qd7 22. gxh5 Qxh3+ 23. Qh2 Qe6 24. Rg1 Rh8 25. Bxh6 Bxh6 26. Bg4 Qc6 27. Bxc8
Qxc8 28. Raf1 Kg7 29. Qe5+ Kg8 30. Rxg6+ fxg6 31. Qd5+ Kh7 32. hxg6+ Kxg6 33.
Qf7+ Kg5 34. Rg1+ 1-0

[Event "III Festival Magistrale"]
[Site "Montecatini Terme ITA"]
[Date "1994.07.??"]
[Round "?"]
[White "Belotti, Bruno"]
[Black "Tocchioni, Doriano"]
[Result "1-0"]
[WhiteElo "2455"]
[BlackElo "2265"]
[PlyCount "51"]
[EventDate "1994.07.30"]

1. e4 c6 2. d3 d5 3. Nd2 Nf6 4. Ngf3 Bg4 5. h3 Bxf3 6. Qxf3 e6 7. g3 Nbd7 8.
Bg2 Qb6 9. O-O Bd6 10. a4 a5 11. Nb3 O-O 12. Be3 Qc7 13. Qe2 e5 14. f4 exf4 15.
gxf4 dxe4 16. dxe4 Rfe8 17. e5 Nxe5 18. fxe5 Bxe5 19. c3 Bh2+ 20. Kh1 Re5 21.
Qf3 Nh5 22. Bf2 Rg5 23. h4 Re5 24. Bb6 Qd6 25. Qxf7+ Kh8 26. Bc7 1-0

[Event "III Festival Magistrale"]
[Site "Montecatini Terme ITA"]
[Date "1994.07.??"]
[Round "?"]
[White "Berg, Daniel"]
[Black "Bissanti, Carlo"]
[Result "1-0"]
[WhiteElo "2320"]
[BlackElo "1902"]
[PlyCount "69"]
[EventDate "1994.07.30"]

1. d4 d5 2. c4 c6 3. cxd5 cxd5 4. Nf3 Nf6 5. Nc3 e6 6. Bf4 Nc6 7. e3 Be7 8. h3
a6 9. Bd3 Bd7 10. O-O Rc8 11. Ne5 Nb8 12. g4 Bc6 13. Rc1 Nbd7 14. f3 Nxe5 15.
Bxe5 Bd6 16. f4 Bxe5 17. fxe5 Ne4 18. Qf3 Ng5 19. Qg3 O-O 20. h4 Ne4 21. Bxe4
dxe4 22. g5 Kh8 23. Kh2 Bd5 24. a3 Bc4 25. Rf2 Bd3 26. Rb1 b5 27. Qg4 Rxc3 28.
bxc3 Qa5 29. Qxe6 Qxa3 30. Rxf7 Bc4 31. Qe7 Qxe7 32. Rxe7 a5 33. Rd1 Kg8 34. d5
Rf3 35. d6 1-0

[Event "III Festival Magistrale"]
[Site "Montecatini Terme ITA"]
[Date "1994.07.??"]
[Round "?"]
[White "Berg, Daniel"]
[Black "Pieri, Filippo"]
[Result "1/2-1/2"]
[WhiteElo "2320"]
[BlackElo "2220"]
[PlyCount "128"]
[EventDate "1994.07.30"]

1. d4 Nf6 2. Nf3 c5 3. d5 e6 4. c4 exd5 5. cxd5 d6 6. Nc3 g6 7. e4 Bg7 8. h3
O-O 9. Bd3 b5 10. Nxb5 Nxe4 11. Bxe4 Re8 12. Ng5 h6 13. Ne6 Qa5+ 14. Nc3 Bxc3+
15. bxc3 Qxc3+ 16. Qd2 Qxd2+ 17. Kxd2 fxe6 18. Kc3 e5 19. Bxh6 Bf5 20. f3 Nd7
21. Bg5 Rab8 22. Rhb1 Nb6 23. Rb3 Kf8 24. g4 Bd7 25. Rab1 Kf7 26. h4 c4 27. Rb4
Rb7 28. Be3 Reb8 29. Bxb6 axb6 30. Kxc4 b5+ 31. Kd3 Rh8 32. a4 Rxh4 33. axb5
Rb6 34. Ke3 Rh8 35. Ra1 Rxb5 36. Rxb5 Bxb5 37. Ra7+ Kf6 38. Rb7 Ba4 39. Ra7 Bb3
40. Rb7 Ba4 41. Rb4 Ra8 42. Rb6 Rd8 43. Ra6 Bb5 44. Rb6 Ba4 45. Kd2 Kg5 46. Rb7
Bd7 47. Rb6 Be8 48. Ke3 Ba4 49. Rb7 Bd7 50. Ra7 Kf6 51. Ra1 Kg5 52. Ra7 Kf6 53.
Ra1 Kg5 54. Rh1 Ra8 55. Rh7 Be8 56. Rh8 Bc6 57. dxc6 Rxh8 58. Kd3 Kf6 59. Kc4
Rg8 60. Kd5 Ke7 61. g5 Rf8 62. Kc4 Kd8 63. Kd5 Ke7 64. Kc4 Kd8 1/2-1/2

[Event "III Festival Magistrale"]
[Site "Montecatini Terme ITA"]
[Date "1994.07.??"]
[Round "?"]
[White "Berg, Daniel"]
[Black "Solinas, Carlo"]
[Result "1-0"]
[WhiteElo "2320"]
[BlackElo "2018"]
[PlyCount "105"]
[EventDate "1994.07.30"]

1. c4 Nf6 2. Nc3 d6 3. g3 g6 4. Bg2 c6 5. e4 Bg7 6. Nge2 O-O 7. O-O e5 8. d3
Ng4 9. h3 Nh6 10. Be3 f5 11. Qd2 Nf7 12. b4 Qe7 13. Rab1 Na6 14. a3 fxe4 15.
dxe4 Be6 16. Qd3 Rfd8 17. Kh2 Rd7 18. Rbc1 Bf6 19. Rc2 Rad8 20. Bxa7 b5 21.
cxb5 cxb5 22. Bb6 Rb8 23. Be3 Bc4 24. Qd2 Qe6 25. h4 Qe7 26. Bh3 Rdb7 27. Nd5
Qd8 28. Be6 Kg7 29. Kg2 h5 30. Rd1 Qf8 31. Bxf7 Qxf7 32. Nxf6 Qxf6 33. Qxd6 Rf7
34. Qxf6+ Rxf6 35. Rd7+ Rf7 36. Rxf7+ Kxf7 37. Nc3 Rd8 38. Rd2 Rd3 39. Rxd3
Bxd3 40. f3 Ke6 41. Kf2 Bc4 42. Bb6 Nb8 43. a4 Nc6 44. axb5 Nxb4 45. Ba5 Nd3+
46. Ke3 Nc5 47. Bc7 Nb3 48. b6 Na5 49. Na4 Nb7 50. Nb2 Ba6 51. Nd3 Bxd3 52.
Kxd3 Na5 53. Kc3 1-0

[Event "III Festival Magistrale"]
[Site "Montecatini Terme ITA"]
[Date "1994.07.??"]
[Round "?"]
[White "Bernardi, Ruben"]
[Black "Caputi, Nicola"]
[WhiteElo "2035"]
[BlackElo "1913"]
[Result "0-1"]
[PlyCount "46"]
[EventDate "1994.07.30"]

1. e4 c5 2. Nf3 e6 3. d4 cxd4 4. Nxd4 a6 5. f4 d6 6. Nc3 Qc7 7. Qf3 Nf6 8. g4
Nc6 9. Nxc6 bxc6 10. g5 Nd7 11. Bd3 Bb7 12. Rf1 O-O-O 13. a4 c5 14. Qe2 Qc6 15.
a5 d5 16. b3 Bd6 17. e5 Bc7 18. Bd2 Nb8 19. Nb5 axb5 20. Bxb5 Ba6 21. c4 Qb7
22. b4 dxc4 23. Bxc4 Rxd2 0-1

[Event "III Festival Magistrale"]
[Site "Montecatini Terme ITA"]
[Date "1994.07.??"]
[Round "?"]
[White "Bernardi, Ruben"]
[Black "Pagnoncelli, Marco"]
[WhiteElo "2035"]
[BlackElo "1900"]
[Result "1/2-1/2"]
[PlyCount "82"]
[EventDate "1994.07.30"]

1. e4 c5 2. Nf3 d6 3. d4 cxd4 4. Nxd4 Nf6 5. Nc3 g6 6. Be3 Bg7 7. Bc4 O-O 8. f3
Nc6 9. Qd2 Bd7 10. O-O-O Qa5 11. Kb1 Rfc8 12. Bb3 Ne5 13. h4 Nc4 14. Bxc4 Rxc4
15. Nb3 Qa6 16. h5 Nxh5 17. Nd5 Re8 18. Bh6 Bh8 19. Rxh5 e6 20. g3 exd5 21.
Rxd5 Be6 22. Rxd6 b6 23. Qd3 Qa4 24. Rd8 Bf6 25. Qd6 Bxd8 26. Qxd8 f5 27. Qf6
Rc7 28. Rd8 Rf7 29. Qd4 Bd7 30. Rxe8+ Bxe8 31. Qe5 fxe4 32. Bd2 Qb5 33. Qxe4
Qc6 34. Qe2 Qd7 35. Bc3 Re7 36. Qc4+ Bf7 37. Qf4 Qd1+ 38. Nc1 Rd7 39. Qf6 Kf8
40. Bb4+ Kg8 41. Bc3 Kf8 1/2-1/2

[Event "III Festival Magistrale"]
[Site "Montecatini Terme ITA"]
[Date "1994.07.??"]
[Round "?"]
[White "Bernardi, Ruben"]
[Black "Sgnaolin, Davide"]
[WhiteElo "2035"]
[BlackElo "1925"]
[Result "0-1"]
[PlyCount "154"]
[EventDate "1994.07.30"]

1. e4 c5 2. Nf3 Nc6 3. d4 cxd4 4. Nxd4 g6 5. Nc3 Bg7 6. Be3 Nf6 7. Bc4 O-O 8.
f3 Qb6 9. Bb3 Nxe4 10. fxe4 Bxd4 11. Bxd4 Qxd4 12. Qxd4 Nxd4 13. O-O d6 14. Nd5
Nc6 15. Rad1 Bg4 16. Rd2 Rac8 17. Ba4 Rfe8 18. c3 a6 19. Nb6 Rb8 20. Re1 Red8
21. h3 Be6 22. Bb3 Bxb3 23. axb3 Ne5 24. Red1 Nd7 25. Nd5 Kf8 26. b4 Rdc8 27.
Ne3 Ne5 28. Rd4 Rc6 29. Kf2 Rbc8 30. Ke2 Nc4 31. Nxc4 Rxc4 32. Kd3 Rxd4+ 33.
Kxd4 e6 34. g4 Ke7 35. Ra1 Kd7 36. Ra5 Rf8 37. e5 dxe5+ 38. Kxe5 f6+ 39. Kf4
Rc8 40. Ra1 Rc4+ 41. Kf3 e5 42. Rd1+ Ke6 43. Rd8 Rc7 44. Ke3 f5 45. Rf8 Rf7 46.
Re8+ Kf6 47. Kf3 Kg5 48. Rxe5 Kh4 49. gxf5 Rxf5+ 50. Rxf5 gxf5 51. Kg2 Kg5 52.
Kg3 f4+ 53. Kf3 Kf5 54. c4 h5 55. b5 axb5 56. cxb5 b6 57. Kg2 Ke4 58. Kf2 h4
59. Ke2 f3+ 60. Kf2 Kf4 61. b3 Ke4 62. Ke1 Ke3 63. Kf1 f2 64. b4 Ke4 65. Kxf2
Kf4 66. Kg2 Ke3 67. Kf1 Kf3 68. Kg1 Kg3 69. Kf1 Kxh3 70. Kf2 Kg4 71. Kg2 Kf4
72. Kh3 Ke4 73. Kxh4 Kd4 74. Kg4 Kc4 75. Kf4 Kxb5 76. Ke3 Kxb4 77. Kd2 Kb3 0-1

[Event "III Festival Magistrale"]
[Site "Montecatini Terme ITA"]
[Date "1994.07.??"]
[Round "?"]
[White "Bernardi, Ruben"]
[Black "Vezzosi, Paolo"]
[Result "1/2-1/2"]
[WhiteElo "2035"]
[BlackElo "2300"]
[PlyCount "22"]
[EventDate "1994.07.30"]

1. e4 e6 2. d4 d5 3. Nd2 Be7 4. Ngf3 Nf6 5. exd5 exd5 6. Bd3 Bg4 7. O-O O-O 8.
c3 b6 9. Qc2 c5 10. Ne5 Bh5 11. Ndf3 cxd4 1/2-1/2

[Event "III Festival Magistrale"]
[Site "Montecatini Terme ITA"]
[Date "1994.07.??"]
[Round "?"]
[White "Bini, Lorenzo"]
[Black "Bernardi, Ruben"]
[WhiteElo "1995"]
[BlackElo "2035"]
[Result "1-0"]
[PlyCount "89"]
[EventDate "1994.07.30"]

1. b3 d5 2. e3 c5 3. Ba3 b6 4. Bb5+ Bd7 5. Be2 Nf6 6. f4 Nc6 7. Nf3 Qc7 8. Bb2
e6 9. a4 Bd6 10. Na3 a6 11. O-O Ne7 12. Ne5 Nc6 13. d4 Ne4 14. Bd3 Bxe5 15.
fxe5 cxd4 16. exd4 f5 17. exf6 Nxf6 18. Qe1 Ne7 19. c4 O-O 20. cxd5 Nexd5 21.
Rc1 Qb7 22. Nc4 Rad8 23. Ba3 Qb8 24. Bd6 Qa8 25. Bxf8 Rxf8 26. Ne5 Rd8 27. Nxd7
Rxd7 28. Qxe6+ Kh8 29. Be4 Rd8 30. Bxd5 Nxd5 31. Rf7 Re8 32. Qg4 Rg8 33. Rxg7
Rxg7 34. Rc8+ Qxc8 35. Qxc8+ Rg8 36. Qc1 Rf8 37. Qg5 Nf4 38. Qe5+ Kg8 39. g3
Nd3 40. Qe6+ Kg7 41. Qxb6 Ne1 42. Qc7+ Kg8 43. d5 Nf3+ 44. Kg2 Ne1+ 45. Kh3 1-0

[Event "III Festival Magistrale"]
[Site "Montecatini Terme ITA"]
[Date "1994.07.??"]
[Round "?"]
[White "Bini, Lorenzo"]
[Black "Mauro, Alan"]
[Result "0-1"]
[WhiteElo "1995"]
[BlackElo "2285"]
[PlyCount "56"]
[EventDate "1994.07.30"]

1. b3 Nf6 2. f4 g6 3. Bb2 Bg7 4. g3 O-O 5. Bg2 d6 6. e3 Nc6 7. Nh3 a5 8. a4 d5
9. O-O d4 10. exd4 Bg4 11. Qe1 Nxd4 12. Na3 Nd5 13. Rb1 Ra6 14. Ng5 Bf5 15. Be4
Bxe4 16. Qxe4 c5 17. Ba1 h6 18. c3 hxg5 19. cxd4 gxf4 20. dxc5 fxg3 21. hxg3
Bxa1 22. Rxa1 Nf6 23. Qxb7 Qd4+ 24. Kg2 Re6 25. Qf3 Ne4 26. Nc4 Ng5 27. Qf2
Qd5+ 28. Kh2 Kg7 0-1

[Event "III Festival Magistrale"]
[Site "Montecatini Terme ITA"]
[Date "1994.07.??"]
[Round "?"]
[White "Bini, Lorenzo"]
[Black "Mola, Pietro"]
[Result "1/2-1/2"]
[WhiteElo "1995"]
[BlackElo "2175"]
[PlyCount "83"]
[EventDate "1994.07.30"]

1. b3 e5 2. Bb2 d6 3. g3 c5 4. Bg2 Nc6 5. e3 Nf6 6. d3 Be7 7. Ne2 O-O 8. O-O
Be6 9. h3 Qd7 10. Kh2 d5 11. Nd2 d4 12. e4 Ne8 13. f4 f6 14. Nf3 Nd6 15. Bc1 b5
16. fxe5 fxe5 17. a4 a6 18. Ng5 Bxg5 19. Bxg5 Rxf1 20. Bxf1 Rf8 21. axb5 axb5
22. Bg2 c4 23. bxc4 bxc4 24. Bd2 c3 25. Be1 Rb8 26. Ng1 Nf7 27. Nf3 Qb7 28. g4
Ra8 29. Rb1 Qa6 30. Bg3 Ba2 31. Ra1 Qb5 32. Qe2 Qb2 33. Rf1 Bb3 34. Rf2 Ra2 35.
Ne1 Be6 36. h4 Ra1 37. Bh3 Qc1 38. Rg2 Qd1 39. g5 Qxe2 40. Rxe2 Bxh3 41. Kxh3
Rd1 42. Nf3 1/2-1/2

[Event "III Festival Magistrale"]
[Site "Montecatini Terme ITA"]
[Date "1994.07.??"]
[Round "?"]
[White "Bini, Lorenzo"]
[Black "Solinas, Carlo"]
[WhiteElo "1995"]
[BlackElo "2018"]
[Result "0-1"]
[PlyCount "86"]
[EventDate "1994.07.30"]

1. b3 Nf6 2. f4 d5 3. Nf3 Bg4 4. Ne5 h5 5. g3 Nbd7 6. h3 Bf5 7. d3 e6 8. a3 Bd6
9. Bb2 c6 10. Nd2 Qc7 11. Ndf3 O-O-O 12. Nxf7 h4 13. Nxd6+ Qxd6 14. g4 Bh7 15.
Qd2 Qc7 16. O-O-O c5 17. Ne5 Nb6 18. Qa5 d4 19. Bg2 Nfd5 20. Bxd5 Nxd5 21.
Qxc7+ Kxc7 22. Nf7 Ne3 23. Rdg1 Rhf8 24. Nxd8 Kxd8 25. c3 Rxf4 26. cxd4 cxd4
27. Kd2 e5 28. Rc1 Bg8 29. Rc5 Bd5 30. Rhc1 Ke7 31. Rc7+ Kf6 32. g5+ Kg6 33.
Rg1 Rf2 34. Ke1 Rh2 35. Re7 Kf5 36. Rxg7 Nc2+ 37. Kd2 Ne3 38. Re7 Ng2 39. Rc7
Nf4 40. g6 Rxe2+ 41. Kc1 Nxd3+ 42. Kd1 Bf3 43. Rc5 Ke4 0-1

[Event "III Festival Magistrale"]
[Site "Montecatini Terme ITA"]
[Date "1994.07.??"]
[Round "?"]
[White "Bissanti, Carlo"]
[Black "Astengo, Marcello"]
[Result "1-0"]
[WhiteElo "1902"]
[BlackElo "2080"]
[PlyCount "59"]
[EventDate "1994.07.30"]

1. e4 e6 2. d4 d5 3. exd5 exd5 4. Bd3 Nf6 5. Bg5 Nbd7 6. Nf3 h6 7. Bh4 Bd6 8.
O-O O-O 9. Nbd2 Re8 10. Re1 Rxe1+ 11. Qxe1 c6 12. c4 g5 13. c5 Bxh2+ 14. Nxh2
gxh4 15. Qe3 Kg7 16. Nhf3 Nh5 17. Re1 Qf6 18. Qe8 Nf4 19. Bc2 Nf8 20. Qe5 N8e6
21. Nf1 b6 22. b4 Ba6 23. Qe3 h3 24. gxh3 Nxh3+ 25. Kh2 Nhf4 26. Ng3 Rg8 27.
Bf5 Bc8 28. Kh1 Ng5 29. Qxf4 Nxf3 30. Nh5+ 1-0

[Event "III Festival Magistrale"]
[Site "Montecatini Terme ITA"]
[Date "1994.07.??"]
[Round "?"]
[White "Bissanti, Carlo"]
[Black "Bracaglia, Carlo"]
[WhiteElo "1902"]
[BlackElo "2091"]
[Result "1-0"]
[PlyCount "83"]
[EventDate "1994.07.30"]

1. e4 c5 2. f4 e6 3. Nf3 Nc6 4. Bb5 Nge7 5. c3 a6 6. Ba4 d5 7. d3 b5 8. Bc2 g6
9. O-O Bg7 10. Qe1 b4 11. a3 a5 12. axb4 cxb4 13. d4 Ba6 14. Rf2 Qb6 15. Nbd2
O-O 16. e5 Rfc8 17. Nf1 Na7 18. Ne3 Nb5 19. Bd2 bxc3 20. bxc3 Qc7 21. c4 dxc4
22. Bxa5 Qd7 23. Bb4 Bb7 24. Rxa8 Bxa8 25. Ba4 Nd5 26. Bc5 Nxe3 27. Qxe3 Bc6
28. Bc2 Ra8 29. h3 Qb7 30. Ng5 Nc7 31. Qg3 Ra1+ 32. Kh2 Nd5 33. Ne4 h6 34. Nd6
Qb2 35. Bxg6 Qc1 36. Bxf7+ Kh8 37. Qh4 Qg1+ 38. Kg3 Bf8 39. Bxe6 Ne3 40. Qf6+
Kh7 41. Qf7+ Bg7 42. Qg8+ 1-0

[Event "III Festival Magistrale"]
[Site "Montecatini Terme ITA"]
[Date "1994.07.??"]
[Round "?"]
[White "Bissanti, Carlo"]
[Black "Foisor, Cristina-Adela"]
[Result "0-1"]
[WhiteElo "1902"]
[BlackElo "2405"]
[PlyCount "116"]
[EventDate "1994.07.30"]

1. e4 e5 2. f4 Qh4+ 3. g3 Qe7 4. d3 d6 5. Nc3 Nf6 6. f5 d5 7. Bg5 d4 8. Nd5 Qd6
9. Nxf6+ gxf6 10. Bd2 Qb6 11. Rb1 a5 12. a4 Na6 13. Nf3 Bd7 14. b3 Bb4 15. Be2
Ke7 16. Kf2 Bxd2 17. Nxd2 Nb4 18. Nc4 Qc5 19. Ra1 c6 20. Qd2 Ra6 21. Rhc1 Rha8
22. Bd1 b5 23. Na3 Rb8 24. Kg2 Raa8 25. Bf3 Na6 26. Nb1 Qb4 27. axb5 cxb5 28.
Rxa5 Qxd2+ 29. Nxd2 Nb4 30. Rca1 Rxa5 31. Rxa5 Nxc2 32. Ra7 Ne1+ 33. Kf1 Nxd3
34. Be2 Nb4 35. Kf2 Nc6 36. Ra6 Nd8 37. Bd3 Nb7 38. Rb6 Bc8 39. Bxb5 Ra8 40.
Ra6 Rxa6 41. Bxa6 Kd7 42. Kf3 Kc6 43. Ke2 Kb6 44. Bc4 Nd6 45. Kd3 Kc5 46. Kc2
Bb7 47. Bd3 Kb4 48. Kb2 Bc6 49. Kc2 Nb7 50. Bc4 Nc5 51. Bd5 Bxd5 52. exd5 e4
53. d6 e3 54. Ne4 d3+ 55. Kb2 Nd7 56. Nc3 e2 57. Nd5+ Kc5 58. Nf4 Kd4 0-1

[Event "III Festival Magistrale"]
[Site "Montecatini Terme ITA"]
[Date "1994.07.??"]
[Round "?"]
[White "Bissanti, Carlo"]
[Black "Luciani, Valerio"]
[Result "0-1"]
[WhiteElo "1902"]
[BlackElo "2205"]
[PlyCount "64"]
[EventDate "1994.07.30"]

1. e4 e6 2. f4 d5 3. e5 c5 4. Nf3 Nc6 5. Nc3 h5 6. Ne2 Nh6 7. d4 Nf5 8. c3 h4
9. Qd3 Qb6 10. b3 Bd7 11. Be3 Nxe3 12. Qxe3 Rc8 13. Ng5 cxd4 14. Nxd4 Nxd4 15.
cxd4 Bb4+ 16. Kf2 Rc2+ 17. Kf3 Bd2 18. Qf2 Rc3+ 19. Ke2 Bc1 20. Rxc1 Rxc1 21.
Kf3 f6 22. exf6 gxf6 23. Qe3 Rxf1+ 24. Rxf1 fxg5 25. Qe5 Rf8 26. g3 hxg3 27.
hxg3 Qc6 28. Re1 gxf4 29. gxf4 Qc2 30. Qb8+ Ke7 31. Qxa7 Qd3+ 32. Re3 Qf1+ 0-1

[Event "III Festival Magistrale"]
[Site "Montecatini Terme ITA"]
[Date "1994.07.??"]
[Round "?"]
[White "Bissanti, Carlo"]
[Black "Scotti, Umberto"]
[Result "0-1"]
[WhiteElo "1902"]
[BlackElo "2250"]
[PlyCount "88"]
[EventDate "1994.07.30"]

1. e4 e6 2. f4 d5 3. e5 c5 4. Nf3 Nc6 5. Be2 Nge7 6. c3 Nf5 7. Na3 Be7 8. Nc2
Qb6 9. d3 Bd7 10. a3 f6 11. b4 cxb4 12. axb4 fxe5 13. fxe5 d4 14. g4 Nh4 15.
Nfxd4 Nxd4 16. Nxd4 O-O 17. Qb3 Rac8 18. Bd2 Kh8 19. Rf1 Rxf1+ 20. Bxf1 a6 21.
Ke2 Qc7 22. Re1 Qxe5+ 23. Kd1 Qxh2 24. Be2 e5 25. Qf7 Ba4+ 26. Nc2 Ng6 27. Kc1
Rf8 28. Qa2 Bxc2 29. Kxc2 Bh4 30. Rf1 Qxe2 31. Rxf8+ Nxf8 32. Qf7 Qf2 33. Qxb7
Bg5 34. Qxa6 Qxd2+ 35. Kb3 Qd1+ 36. Kc4 Qxg4+ 37. Kd5 Qd7+ 38. Ke4 h5 39. b5
Ne6 40. Qa8+ Kh7 41. b6 Nc5+ 42. Kxe5 Nxd3+ 43. Ke4 Nc5+ 44. Ke5 Qe6+ 0-1

[Event "III Festival Magistrale"]
[Site "Montecatini Terme ITA"]
[Date "1994.07.??"]
[Round "?"]
[White "Bocchicchio, Gaetano"]
[Black "Iotti, Pierluigi"]
[Result "1-0"]
[WhiteElo "1999"]
[BlackElo "2255"]
[PlyCount "53"]
[EventDate "1994.07.30"]

1. d4 Nf6 2. Bg5 e6 3. e4 h6 4. Bxf6 Qxf6 5. Nc3 Bb4 6. Qd3 e5 7. dxe5 Qxe5 8.
Nge2 O-O 9. O-O-O d6 10. Nd5 Ba5 11. f4 Qe8 12. Qa3 Nc6 13. Ng3 Bg4 14. Nf5 Qe6
15. Qg3 Bxf5 16. exf5 Qxf5 17. Bd3 Qc8 18. c3 Kh8 19. b4 Bb6 20. b5 Nd8 21. f5
f6 22. Rhe1 Nf7 23. Re7 c6 24. Nxf6 gxf6 25. Qg6 cxb5 26. Qxf6+ Kg8 27. Bc2 1-0

[Event "III Festival Magistrale"]
[Site "Montecatini Terme ITA"]
[Date "1994.07.??"]
[Round "?"]
[White "Bocchicchio, Gaetano"]
[Black "Niermann, Michael"]
[Result "0-1"]
[WhiteElo "1999"]
[BlackElo "2325"]
[PlyCount "38"]
[EventDate "1994.07.30"]

1. d4 Nf6 2. Bg5 d5 3. Bxf6 gxf6 4. e3 c6 5. c3 Qb6 6. Qc2 Na6 7. a4 Bf5 8. Qd2
e6 9. a5 Qc7 10. b4 Bd6 11. Bd3 Bg6 12. Ne2 Ke7 13. Bxa6 bxa6 14. Nf4 Bf5 15.
Qe2 Bxf4 16. exf4 Bxb1 17. Rxb1 Qxf4 18. O-O Rhg8 19. Qxa6 Rxg2+ 0-1